Skinny bitch : (Registro nro. 10681)

Detalles MARC
000 -LIDER
fixed length control field 01089nam a22002417a 4500
001 - NÚMERO DE CONTROL
Identificador de número de control 000352
003 - IDENTIFICACDOR DE NÚMERO DE CONTROL
control field DO-SdBNP
005 - DATE AND TIME OF LATEST TRANSACTION
control field 20180205151340.0
007 - CAMPOS FIJOS DE DESCRIPCIÓN FÍSICA
fixed length control field 000352
008 - ELEMENTOS DE LONGITUD FIJA
fixed length control field 160705b 2005 xxu||||| |||| 00| 0 spa d
020 ## - ISBN
International Standard Book Number 9780762424931
040 ## - FUENTE DE CATALOGACIÓN
Agencia que crea de manera original el registro BPMSU
Idioma de catalogación spa
Agencia que realiza la transcripción BPMSU
092 ## - LOCALLY ASSIGNED DEWEY DECIMAL CALL NUMBER
Número de clasificación xxxxxx
Número de ítem (Cutter) xxxxxx
100 1# - ASIENTO PRINCIPAL -- NOMBRE PERSONAL
Nombre personal Freedman, Rory
245 10 - MENCIÓN DE TITULO
Título Skinny bitch :
Subtítulo a no-nonsense, tough-love guide for savvy girls who want to stop eating crap and start looking fabulous!
Mención de responsabilidad by Rory Freedman and Kim Barnouin.
260 ## - PUBLICACIÓN, DISTRIBUCIÓN, ETC. (PIE DE IMPRENTA)
Lugar de publicación, distribución, etc Philadelphia :
Nombre del editor, distribuidor, etc. Running Press,
Fecha de publicación, distribución, etc 2005.
300 ## - DESCRIPCIÓN FÍSICA
Extensión 224 p. ;
Dimensiones 19 cm.
505 ## - NOTA DE CONTENIDO
Título Give it up --
-- Carbs: the truth --
-- Sugar is the devil --
-- The dead, rotting, decomposing flesh diet --
-- The dairy disaster --
-- You are what you eat --
-- The myths and lies about protein --
-- Pooping --
-- Have no faith: governmental agencies don't give a shit about your health --
-- Don't be a pussy --
-- Let's eat --
-- FYI --
-- Use your head.
700 1# - ASIENTO SECUNDARIO -- NOMBRE PERSONAL
Nombre personal Barnouin, Kim
942 ## - ADDED ENTRY ELEMENTS (KOHA)
Source of classification or shelving scheme Dewey Decimal Classification
Koha item type Libros
945 ## - INFORMACIÓN DE PROCESAMIENTO LOCAL
Información de procesamiento local Inventariado, 2018/ YL
956 ## - LOCAL ELECTRONIC LOCATION AND ACCESS (OCLC)
Método de acceso LOPEREZ
Materiales especificados 10
Enlace 20160705
Campo enlazado y núm. de secuencia BPMSU
Nombre de host 00041
Existencias
Withdrawn status Lost status Source of classification or shelving scheme Damaged status Not for loan Collection code Home library Current library Date acquired Source of acquisition Total Checkouts Barcode Date last seen Price effective from Koha item type
    Dewey Decimal Classification     Colección General Biblioteca Pública Metropolitana Salomé Ureña Biblioteca Pública Metropolitana Salomé Ureña 07/05/2016 Roberto Antonio Férnandez   BPMSU16070061 07/05/2016 07/05/2016 Libros